000
00200 a2200097 4500
001
11128
100
_a
Smith, d.
245
_a
India as a Secular S
260
_a
_b
Princeton,
_c
090
_c
8683
_d
8683
942
_a
NUST-CAE
_c
M
_c
35470
999
_c
246201
_d
246201